000 00658nam a2200265Ia 4500
003 OSt
005 20221007102046.0
006 a|||||r|||| 00| 0
007 ta
008 221006b |||||||| |||| 00| 0 eng d
020 _a8175343567
024 _a9,303
037 _cTextual
040 _aLCO
_cLCO
_beng
041 _2eng
_aeng
082 _aY15OaZ, P3
100 _aAnand A.S.
_9590389
245 0 _aJustice for Women
250 _a2nd
260 _aDelhi
_bUniversal Pub. India
_c2003
300 _a271
650 _aJUSTICE FOR WOMEN
_9704240
942 _hY15OaZ, P3
_cTEXL
999 _c1178866
_d1178866